Reforma migratoria estadounidense
Guardado en:
| Formato: | Texto |
|---|---|
| Materias: | |
| Etiquetas: |
Agregar Etiqueta
Sin Etiquetas, Sea el primero en etiquetar este registro!
|
MARC
| LEADER | 00000 a a2200000 04500 | ||
|---|---|---|---|
| 001 | 168 | ||
| 003 | |||
| 040 | |||
| 245 | |a Reforma migratoria estadounidense | ||
| 650 | |a MIGRACION | ||
| 650 | |a POLITICA | ||
| 650 | |a EMPLEO | ||
| 650 | |a ESTADOS UNIDOS | ||
| 773 | |g volumen 30, número 1; páginas 11-12 | ||
| 999 | |c 22076 |d 22076 | ||
| 773 | 0 | |0 42310 |9 3172 |a Centro de Estudios Pastoral y Asistencia Migratoria (CEPAM) |d s.l.: CEPAM |o 04273 |t Acontecer Migratorio / |w (cru CIDCACS/IIS)153 | |
